000 00643nam a2200277Ia 4500
005 20260324144714.0
008 008 260324s9999 xx 000 0 eng d
020 _a9780203061121
037 _aEBOOK
040 _aCRL
040 _beng
040 _cCRL
041 _2eng
041 _aeng
084 _qCRL
100 _aKatherine Augusta Carl
_91220308
245 0 _aWith The Empress Dowager Of Chin
260 _bTaylor and Francis
260 _c1986
365 _a
365 _b565
856 _uhttp://www.taylorfrancis.com/books/9780203061121
942 _cEBOOK
999 _c1827249
_d1827249